000 00777nam a2200253Ia 4500
003 OSt
005 20220924115830.0
006 a|||||r|||| 00| 0
007 ta
008 220923b |||||||| |||| 00| 0 urd d
020 _a9789350736456 (hbk)
020 _c300
024 _a322207
037 _bGift, 15/02/2017,
_cTextual
040 _aARTS
_cARTS
_burd
041 _2urd
_aurd
082 _aDelta73y7, 168Q5
100 _aNadwi Rizwan Ahmad Au.
_9179782
245 0 _aTazkira wa sawaneh Hazrat Maulana Mohd. Alauddin Mazahiri
260 _aDelhi
_bEducational Publishing House India
_c2015
650 _aSPIRurdALISM
942 _hDelta73y7, 168Q5
_cTEXL
_2CC
999 _c400089
_d400089